LEADER 01598nam0 2200349 450 001 000038876 005 20141006105536.0 100 $a20141006d--------km-y0itaa50------ba 101 0 $aita$afre 102 $aIT 200 1 $aLinguaggi e formalizzazioni$eatti del Convegno internazionale di studi$eCatania, 17-19 settembre 1976$fSLI, Societa di linguistica italiana$ga cura di Daniele Gambarara, Franco Lo Piparo e Giulianella Ruggiero 210 $aRoma$cBulzoni 215 $aVolumi$d21 cm 225 2 $aPubblicazioni della Società di linguistica italiana$v15/I-15/II 327 1 $aVol. 1: 1979. - XVIII, 460 p.$aVol. 2: 1979. - P. VII, 464-816 410 0$12001$aPubblicazioni della Società di linguistica italiana$v15/I-15/II 606 1 $aLinguaggio$xCongressi 606 2 $aLinguistica$xCongressi 676 $a410.1$v(22. ed.)$9Linguistica. Filosofia e teoria 702 1$aGambarara,$bDaniele 702 1$aLo Piparo,$bFranco 702 1$aRuggiero,$bGiulianella 710 02$aSLI, Società di linguistica italiana$00 801 0$aIT$bUniversità della Basilicata - B.I.A.$gREICAT$2unimarc 912 $a000038876 996 $aLinguaggi e formalizzazioni$9101234 997 $aUNIBAS BAS $aLETTERE CAT $aEXT017$b01$c20141006$lBAS01$h1055 FMT Z30 -1$lBAS01$LBAS01$mBOOK$1BASA1$APolo Storico-Umanistico$2DSLF$BCollezione DiSLF$3DF/E1969$62096$5F2096$820141006$f04$FPrestabile Didattica$hVol. 1 Z30 -1$lBAS01$LBAS01$mBOOK$1BASA1$APolo Storico-Umanistico$2DSLF$BCollezione DiSLF$3DF/E1970$62097$5F2097$820141006$f04$FPrestabile Didattica$hVol. 2 LEADER 02277nam 2200553z- 450 001 9910557541603321 005 20211118 035 $a(CKB)5400000000044191 035 $a(oapen)https://directory.doabooks.org/handle/20.500.12854/73698 035 $a(oapen)doab73698 035 $a(EXLCZ)995400000000044191 100 $a20202111d2020 |y 0 101 0 $aeng 135 $aurmn|---annan 181 $ctxt$2rdacontent 182 $cc$2rdamedia 183 $acr$2rdacarrier 200 00$aAutophagy and Related Transcription Factors in Liver and Gut Diseases 210 $cFrontiers Media SA$d2020 215 $a1 online resource (109 p.) 311 08$a2-88963-546-5 330 $aThis eBook is a collection of articles from a Frontiers Research Topic. Frontiers Research Topics are very popular trademarks of the Frontiers Journals Series: they are collections of at least ten articles, all centered on a particular subject. With their unique mix of varied contributions from Original Research to Review Articles, Frontiers Research Topics unify the most influential researchers, the latest key findings and historical advances in a hot research area! Find out more on how to host your own Frontiers Research Topic or contribute to one as an author by contacting the Frontiers Editorial Office: frontiersin.org/about/contact 606 $aPharmacology$2bicssc 606 $aScience: general issues$2bicssc 610 $aAutophagy 610 $aDiseases 610 $aGut 610 $aLipophagy 610 $aLiver 615 7$aPharmacology 615 7$aScience: general issues 700 $aEid$b Nabil$4edt$01322361 702 $aThomes$b Paul$4edt 702 $aMenon$b Manoj B$4edt 702 $aZeng$b Tao$4edt 702 $aRaimundo$b Nuno$4edt 702 $aFernandez-Checa$b Jose C$4edt 702 $aWang$b Lin$4edt 702 $aEid$b Nabil$4oth 702 $aThomes$b Paul$4oth 702 $aMenon$b Manoj B$4oth 702 $aZeng$b Tao$4oth 702 $aRaimundo$b Nuno$4oth 702 $aFernandez-Checa$b Jose C$4oth 702 $aWang$b Lin$4oth 906 $aBOOK 912 $a9910557541603321 996 $aAutophagy and Related Transcription Factors in Liver and Gut Diseases$93034909 997 $aUNINA